| 000 | 00451nam a2200169Ia 4500 | ||
|---|---|---|---|
| 999 |
_c25880 _d25880 |
||
| 003 | OSt | ||
| 005 | 20201204093445.0 | ||
| 008 | 190216s9999||||xx |||||||||||||| ||und|| | ||
| 040 | _coclc | ||
| 082 |
_a894.8123 _bURO/U |
||
| 100 |
_aUroob _96421 |
||
| 245 | 0 |
_aUmmachoo / _cUroob |
|
| 260 |
_bNational Book Stall, _c1989. _aKottayam: |
||
| 300 | _a271p | ||
| 650 | _aNovel | ||
| 942 |
_cBK _2ddc _h894.8123 _iURO/U _k894.8123 _mURO/U |
||